| 000 | 00789nam a22002297a 4500 | ||
|---|---|---|---|
| 999 |
_c20533 _d20533 |
||
| 003 | AR-CdUCM | ||
| 008 | 190531b ||||| |||| 00| 0 spa d | ||
| 040 |
_aMUNICIPALIDAD PROVINCIAL DEL CUSCO _cBIBLIOTECA MUNICIPAL DEL CUSCO |
||
| 082 |
_a983 / _bV59 |
||
| 100 |
_aVicuña Mackena, Benjamin _942927 |
||
| 110 |
_aBiblioteca Vida Chilena _942928 |
||
| 245 | _aLa edad de oro en Chile / | ||
| 260 |
_aSantiago : _bErcilla, _c1932. |
||
| 300 |
_a177 páginas ; _c18 cm. |
||
| 500 | _a[libro reempastado] | ||
| 505 | _aContenido: El oro en Chile, en tiempo de los incas -- El oro en Chile en tiempo de Don Pedro de Aldivia... | ||
| 650 |
_aHistoria chilena _942929 |
||
| 650 |
_aEl oro en chile _942930 |
||
| 650 |
_aChile y los incas _942931 |
||
| 942 |
_2ddc _cLIBROS |
||
| 945 | _aAndy | ||